Estadísticas para Países con la Línea Costera más Larga

Haz click aquí para tomar la prueba!

Estadísticas generales

  • Esta prueba ha sido tomada 6.501 veces
    (4.361 desde el último reinicio)
  • La puntuación promedio es 17 de 20

Estadísticas de respuestas

KilómetrosPaís% Correcto
73,100Rusia
99%
137,000Canadá
98%
69,500Estados Unidos
98%
34,100Australia
97%
18,700Brasil
96%
31,300Chile
96%
16,800China
93%
15,600México
93%
11,000India
91%
15,500Japón
91%
52,500Indonesia
89%
27,400Noruega
89%
10,300Nueva Zelanda
82%
16,700Reino Unido
81%
48,800Dinamarca
(incluye Groenlandia)
73%
6,520Suecia
73%
17,300Filipinas
70%
12,200Francia
68%
9,480Grecia
55%
11,200Papua Nueva Guinea
47%

Distribución de puntuación

Porcentaje por número respondido

Porcentaje de gente con cada puntuación

Historial de tus puntuaciones

No has tomado esta prueba desde el último reinicio